Breviario mercantil

Bibliographic Details
Main Author: Faus, Manuel
Format: Unknown
Language:Spanish
Published: [Barcelona] : vLex, [19--?]
Subjects:
Online Access:Acceso restringido

MARC

LEADER 00000ny a22000003n 4500
005 2011062002272.0
008 080925s19uu9999sp r s 000 a0spa c
035 |a 4911 
040 |a BUS  |d vLex 
080 |a 347.7(460)(051) 
090 |c 2242  |d 2242 
100 1 |a Faus, Manuel 
245 1 0 |a Breviario mercantil  |h [Recurso electrn̤ico]  |c Manuel Faus 
256 |a Servicio en ln̕ea 
260 |a [Barcelona] :  |b vLex,  |c [19--?] 
505 |a V.4. Otras entidades 
506 1 |a Contenido solo disponible en los productos indicados  |d vLex Global  |d vLex Global (Academic Edition, excluding Law Schools)  |d vLex Global (U.S. Academic Edition, Law Schools)  |d vLex Global (U.S. Academic Edition, excluding Law Schools)  |d vLex Global (Academic Edition, Law Schools) 
650 0 4 |a Derecho mercantil  |z Espaą 
740 0 |a vLex Libros (Servicios en ln̕ea) 
856 4 0 |z Acceso restringido  |u http://vlex.com/source/breviario-mercantil-otras-entidades-4911 
942 |c BOOK